000 00267nam a22001097a 4500
008 160512b xxu||||| |||| 00| 0 eng d
020 _a9780982499696
041 _aeng
080 _a61
245 _aThe mad mad mad world of climatism:
_cSteve Goreham;
942 _2udc
_cBK
999 _c2067
_d2067